Jugadores con más partidos y goles en el Athletic Club - Estadísticas

Estadísticas generales
  • Esta prueba ha sido intentada 188 veces
  • La puntuación promedio es 10 de 30
Estadísticas de respuestas
Hint Respuesta % Correcto
553 Muniain
88%
172 Aduriz
86%
335 Zarra
82%
520 De Marcos
69%
614 Iribar
68%
118 Llorente
55%
510 Iraola
48%
430 Julen Guerrero
46%
116 Julen Guerrero
46%
507 Susaeta
45%
419 Urzaiz
38%
129 Urzaiz
38%
489 Gaínza
35%
150 Gaínza
35%
199 Dani
33%
514 Etxeberria
33%
541 Txetxu Rojo
28%
411 Panizo
18%
165 Panizo
18%
118 Sarabia
15%
141 Bata
13%
146 Gorostiza
10%
119 Iriondo
10%
445 Larrazabal
10%
120 Uriarte
9%
171 Arieta
8%
428 Argote
3%
134 Artetxe
3%
483 Orue
3%
440 Sagarduy
0%
No se encontraron pruebas coincidentes
Distribución de puntuación
Porcentaje de gente con cada puntuación
Porcentaje por número respondido
Historial de tus puntuaciones
No has intentado esta prueba.